25 most populated cities in the Region of Murcia - Statistics

General Stats
  • This quiz has been taken 94 times
  • The average score is 15 of 25
Answer Stats
Pop. Municipality % Correct
460 k Murcia
100%
216 k Cartagena
99%
95.7 k Lorca
94%
42.6 k Alcantarilla
76%
73.6 k Molina de Segura
76%
33.5 k San Javier
74%
35.1 k Yecla
70%
35.9 k Águilas
69%
25.7 k Caravaca de la Cruz
69%
35.2 k Cieza
69%
26.1 k Jumilla
64%
32.8 k Totana
64%
33.4 k Mazarrón
63%
22.5 k Alhama de Murcia
56%
26.5 k San Pedro del Pinatar
51%
17.1 k Mula
50%
37.0 k Torre-Pacheco
50%
20.6 k La Unión
46%
19.5 k Archena
43%
17.0 k Los Alcázares
43%
16.2 k Puerto Lumbreras
41%
14.9 k Cehegín
37%
16.1 k Santomera
36%
17.3 k Fuente Álamo de Murcia
34%
21.9 k Las Torres de Cotillas
30%
No matching quizzes found
Score Distribution
Percent of People with Each Score
Percentile by Number Answered
Your Score History
You have not taken this quiz